| 000 | 00664nam a2200169 i 4500 | ||
|---|---|---|---|
| 001 | 182790 | ||
| 003 | ES-MaACL | ||
| 005 | 20230906221718.0 | ||
| 008 | 131031s1982 sp |||| | spa d | ||
| 100 | 1 |
_aNegrín Fajardo, Olegario. _985310 |
|
| 245 | 1 | 0 |
_aBases bibliográficas para la historia de la educación canaria / _cOlegario Negrín Fajardo. |
| 260 |
_a[Santa Cruz de Tenerife : _bAula de Cultura del Excmo. Ayuntamiento, _c1982. |
||
| 300 |
_aP. 667-691 ; _c24 cm. |
||
| 500 | _aSeparata de: Homenaje a Alfonso Trujillo. | ||
| 650 | 4 |
_aEnseñanza- _zCanarias- _vBibliografías. _9153771 |
|
| 852 |
_aES-MaACL _j2329-F-6 _z.- Dedicatoria manuscrita del autor |
||
| 999 |
_c182790 _d182790 |
||